1545 1141 1424 1125 1892 1626 1244 1996 1798 1688 1176 1423 1971 1389 1589 1140 1058 1216 1081 1630 1410 1880 1372 1797 1566 1560 1281 1885 1052 1236 1694 1776 1659 1234 1332 1715 1121 1396 1469 1663 1676 1777 1206 1210 1935 1901 1824 1381 1667 1223 1480 1741 1532 1094 1329 1035 1981 1963 1473 1446 1620 1036 1022 1926 1033 1689 1087 1114 1567 1619 1967 1901 1467 1134 1036 1348 1927 1098 1803 1639 1174 1348 1758 1880 1672 1220 1154 1585 1985 1560 1299 1676 1293 1175 1800 1931 1141 1235 1742 BCNSPRNW ULIB Ver.6.0+V

เปลี่ยนเป็นภาษาไทย

Change to English
 แสดงรายละเอียดบรรณานุกรม
  กลับหน้าหลัก

Brief Record : Get Marc (ISO 2709) : E-mail record : QR code < ปิดหน้าต่าง
LEADER : 00000nam 2200000uu 4500
001    13399122945
003     ULIB
008    020711s2552 th a 000 0 tha d
020    9786117068034
050    Z665^bส293ห
110    สมาคมห้องสมุดแห่งประเทศไทย
245    ห้องสมุด การศึกษา วิชาชีพบรรณารักษศาสตร์ และสารสนเทศศาสตร์ ในยุคการเปลี่ยนแปลง/^cสมาคมห้องสมุดแห่งประเทศไทย
250    พิมพ์ครั้งที่ 1
260    กรุงเทพฯ :^bสมาคมห้องสมุดแห่งประเทศไทย,^c2552
300    288 หน้า
650    ห้องสมุด
650    บรรณารักษศาสตร์
650    สารสนเทศศาสตร์
945    ^p300^l0^i20250
รายการนี้ยังไม่มีแท็ก
คุณยังไม่ได้ล็อกอิน คุณสามารถมีกิจกรรมร่วมกับเว็บไซต์ได้ แต่ต้องล็อกอินก่อน ::
  ล็อกอิน

รายการสื่อสารสนเทศ

ลำดับที่ ประเภท เลขเรียก/บาร์โค้ด สถานที่ สถานะ
1. การศึกษาทั่วไป
การศึกษาทั่วไป
Z665 ส293ห ฉ.1 
  Barcode: 20250
ห้องสมุดวิทยาเขตนครสวรรค์
►หนังสือทั่วไป:l:General Books
บนชั้น

รายการใกล้เคียง
    หัวเรื่อง [ห้องสมุด]
    หัวเรื่อง [สารสนเทศศาสตร์]

BibComment


ยังไม่เคยถูกคอมเมนท์

คอมเมนท์ทรัพยากรรายการนี้
  คอมเมนท์: ห้องสมุด การศึกษา..


 Copyright 2026. Bcnsprnw @Library